|
|
|
|
| LEADER |
00729cam a2200205 7i4500 |
| 001 |
0000014180 |
| 005 |
20020714090000.0 |
| 020 |
# |
0 |
|a 0824705343
|
| 090 |
0 |
0 |
|a QD 96
|b I5 H236
|
| 245 |
0 |
0 |
|a Handbook of near-infrared analysis
|c edited by Donald A. Burns and Emil W. Ciurczak.
|
| 250 |
# |
# |
|a 2nd ed., rev. and expanded.
|
| 260 |
# |
# |
|a New York:
|b Marcel Dekker,
|c 2001.
|
| 300 |
# |
# |
|a xv, 814 p.:
|b ill.;
|c 24 cm..
|
| 490 |
0 |
0 |
|a Practical spectroscopy;
|v 27
|
| 504 |
0 |
0 |
|a Includes bibliographical references and index
|
| 650 |
0 |
0 |
|a Spectroscopy, Near-Infrared --
|x methods .
|
| 650 |
0 |
0 |
|a Near infrared spectroscopy .
|
| 700 |
1 |
1 |
|a Burns,
|h Donald A.
|
| 700 |
1 |
1 |
|a Ciurczak,
|h Emil W.
|
| 999 |
|
|
|a 1100003141
|b Book
|c Open Shelf
|e KOLEKSI TERBUKA
|